000
00339pab a2200145 454500
008
180718b1995 xxu||||| |||| 00| 0 eng d
100
_a
Krishnarao, B.
245
_a
A win - win situation for workers
260
_c
1995
300
_a
p.6
362
_a
28 Nov
650
_a
Labour - India
773
_a
Financial Express
909
_a
30573
999
_c
30573
_d
30573